000 00848 aa a2200217 4500
008 081020t xxu||||| |||| 00| 0 eng d
010 _aENG-84094
020 _a8176298786
020 _c1280.00 (hb)
035 _aEN-67627
082 _a352.000478
245 _aRural development administration in the 21st century:
_ba multi-dimensional study /
_cedited by Surat Singh and Mohinder Singh
260 _aNew Delhi
_bDeep and Deep Publications
260 _c2006
300 _axxx,439p
_c24cm
500 _aIncludes bibliographical references and index
700 _aMohinder Singh
_ced
700 _aSurat Singh
_ced
942 _2ddc
_cEN
_h352.000478
_m RUR
999 _c17061
_d17061